[Event "Amager Klubmesterskab Mester 2008"]
[Site "Sundbyoster"]
[Date "2008.01.22"]
[Round "1"]
[White "Hansen, Olaf Martin"]
[Black "Lunding, Peter M"]
[Result "1/2-1/2"]
[WhiteElo "1840"]
[BlackElo "1853"]
[PlyCount "40"]
[EventDate "2008.??.??"]

1. d4 d5 2. c4 e6 3. Nc3 Nf6 4. cxd5 exd5 5. Bg5 c6 6. Qc2 Be7 7. e3 Nbd7 8.
Bd3 h6 9. Bh4 O-O 10. Nge2 Re8 11. f3 c5 12. O-O c4 13. Bf5 Nf8 14. Rad1 Bxf5
15. Qxf5 Qd7 16. Qxd7 N8xd7 17. Bxf6 Nxf6 18. e4 dxe4 19. fxe4 Ng4 20. Rf3 Bg5
1/2-1/2

[Event "Amager Klubmesterskab Mester 2008"]
[Site "Sundbyoster"]
[Date "2008.01.22"]
[Round "1"]
[White "Nielsen, Mogens Bach"]
[Black "Sorensen, Dick"]
[Result "0-1"]
[WhiteElo "1872"]
[BlackElo "2046"]
[PlyCount "84"]
[EventDate "2008.??.??"]

1. c4 e5 2. Nc3 Nc6 3. g3 Nf6 4. Bg2 Bc5 5. e3 O-O 6. Nge2 d6 7. d3 Bf5 8. e4
Be6 9. h3 Qd7 10. Nd5 Bxd5 11. cxd5 Nd4 12. O-O c6 13. dxc6 bxc6 14. Be3 Rab8
15. Rb1 Rfd8 16. Kh2 a5 17. Nxd4 Bxd4 18. Bxd4 exd4 19. f4 c5 20. Qd2 Qa4 21.
e5 dxe5 22. fxe5 Nd5 23. Qf2 Qd7 24. Bxd5 Qxd5 25. b3 Rb7 26. Rbe1 Re8 27. Qd2
Ra7 28. Re4 a4 29. Rfe1 axb3 30. axb3 Qxb3 31. R1e2 Ra3 32. Rg4 Qxd3 33. e6
Rxe6 34. Qxd3 Rxd3 35. Rc2 c4 36. Ra2 g6 37. h4 c3 38. Kh3 Rc6 39. Rc2 Rd1 40.
h5 d3 41. h6 dxc2 42. Ra4 Rc8 0-1

[Event "Amager Klubmesterskab Mester 2008"]
[Site "Sundbyoster"]
[Date "2008.01.22"]
[Round "1"]
[White "Hartsteen, Mark"]
[Black "Kokholm, Daniel"]
[Result "1/2-1/2"]
[WhiteElo "1738"]
[BlackElo "1827"]
[PlyCount "78"]
[EventDate "2008.??.??"]

1. c4 e5 2. d3 d5 3. cxd5 Qxd5 4. Nc3 Qd6 5. Nf3 Nc6 6. g3 f5 7. Bg2 Nf6 8. O-O
Be7 9. Qc2 a6 10. a3 O-O 11. b4 Nd4 12. Nxd4 exd4 13. Na4 c6 14. Nb6 Ra7 15.
Bf4 Qd8 16. Nxc8 Qxc8 17. Qc4+ Kh8 18. Qxd4 Ra8 19. Rac1 Qe8 20. Qb6 Qd7 21.
Qc7 Qxc7 22. Bxc7 Ne8 23. Be5 Bd6 24. d4 Bxe5 25. dxe5 Nc7 26. Rfd1 Rfd8 27. e4
fxe4 28. Bxe4 g6 29. a4 Kg7 30. Kf1 Kf7 31. Ke2 h6 32. f4 Ne6 33. Ke3 Nf8 34.
g4 Re8 35. Rd6 Re6 36. Rcd1 Rae8 37. Bc2 Kg7 38. Ke4 R6e7 39. Bb3 g5 1/2-1/2

[Event "Amager Klubmesterskab Mester 2008"]
[Site "Sundbyoster"]
[Date "2008.01.29"]
[Round "2"]
[White "Lunding, Peter M"]
[Black "Nielsen, Mogens Bach"]
[Result "1/2-1/2"]
[WhiteElo "1853"]
[BlackElo "1872"]
[PlyCount "53"]
[EventDate "2008.??.??"]

1. d4 d5 2. c4 c6 3. Nf3 Nf6 4. Nc3 dxc4 5. e4 b5 6. a4 b4 7. e5 bxc3 8. exf6
exf6 9. bxc3 Be6 10. Be2 a5 11. O-O Be7 12. Nd2 Nd7 13. Bxc4 Bxc4 14. Nxc4 O-O
15. Ne3 Re8 16. Nf5 Bf8 17. Bf4 Nb6 18. Qg4 g6 19. Nh6+ Kg7 20. Qg3 Nd5 21. Bd2
Qc7 22. Ng4 Qxg3 23. fxg3 h5 24. Bh6+ Kg8 25. Nxf6+ Nxf6 26. Bxf8 Ne4 27. Bc5
1/2-1/2

[Event "Amager Klubmesterskab Mester 2008"]
[Site "Sundbyoster"]
[Date "2008.01.29"]
[Round "2"]
[White "Hartsteen, Mark"]
[Black "Hansen, Olaf Martin"]
[Result "0-1"]
[WhiteElo "1738"]
[BlackElo "1840"]
[PlyCount "76"]
[EventDate "2008.??.??"]

1. c4 c5 2. Nf3 Nc6 3. g3 g6 4. Bg2 Bg7 5. O-O e5 6. d3 Nge7 7. Nc3 O-O 8. Rb1
d6 9. a3 a5 10. Bd2 Rb8 11. Nb5 d5 12. cxd5 Nxd5 13. Nc3 Nde7 14. Ne4 b6 15.
Bc3 h6 16. Ned2 Nd5 17. Qc2 Nd4 18. Bxd4 exd4 19. Nc4 Re8 20. Rfe1 Be6 21. e4
dxe3 22. Nxe3 Qd7 23. Nxd5 Bxd5 24. b4 axb4 25. axb4 cxb4 26. Rxe8+ Qxe8 27.
Qc7 Bc3 28. Qf4 Kg7 29. Rxb4 Bxb4 30. Qxb4 Qc6 31. Qf4 Qb7 32. Nh4 Bxg2 33.
Nxg2 b5 34. Ne3 Ra8 35. Qd4+ f6 36. Nd5 Ra6 37. Nf4 b4 38. Qb2 b3 0-1

[Event "Amager Klubmesterskab Mester 2008"]
[Site "Sundbyoster"]
[Date "2008.02.19"]
[Round "3"]
[White "Nielsen, Mogens Bach"]
[Black "Hartsteen, Mark"]
[Result "1/2-1/2"]
[WhiteElo "1872"]
[BlackElo "1738"]
[PlyCount "44"]
[EventDate "2008.??.??"]

1. e4 c6 2. d4 d5 3. Nc3 dxe4 4. Nxe4 Nf6 5. Nxf6+ gxf6 6. Nf3 Bf5 7. Bc4 e6 8.
Qe2 Bd6 9. Nh4 Bg6 10. f4 Nd7 11. Bd2 f5 12. g3 Qb6 13. Nxg6 hxg6 14. Bc3 Bb4
15. Bxb4 Qxb4+ 16. c3 Qe7 17. h4 O-O-O 18. O-O-O Nf6 19. Qf3 Qc7 20. Rhe1 Ne4
21. Bd3 Nd6 22. Kb1 Qb6 1/2-1/2

[Event "Amager Klubmesterskab Mester 2008"]
[Site "Sundbyoster"]
[Date "2008.02.19"]
[Round "3"]
[White "Sorensen, Dick"]
[Black "Lunding, Peter M"]
[Result "1/2-1/2"]
[WhiteElo "2046"]
[BlackElo "1853"]
[PlyCount "51"]
[EventDate "2008.??.??"]

1. d4 d5 2. c4 e6 3. Nf3 Nf6 4. Nc3 c6 5. Bg5 Nbd7 6. e3 Qa5 7. Be2 Ne4 8. Qc2
Bb4 9. Rc1 Qxa2 10. O-O Nxc3 11. bxc3 Qxc2 12. Rxc2 Bd6 13. c5 Bc7 14. Nd2 f6
15. Bh4 O-O 16. Ra1 Re8 17. Rca2 a6 18. Bg3 Bxg3 19. hxg3 Re7 20. Nb3 f5 21.
Na5 e5 22. Rb1 Nf6 23. f3 Ra7 24. Kf2 g5 25. Rab2 f4 26. exf4 1/2-1/2

[Event "Amager Klubmesterskab Mester 2008"]
[Site "Sundbyoster"]
[Date "2008.02.19"]
[Round "3"]
[White "Hansen, Olaf Martin"]
[Black "Kokholm, Daniel"]
[Result "1/2-1/2"]
[WhiteElo "1840"]
[BlackElo "1827"]
[PlyCount "26"]
[EventDate "2008.??.??"]

1. d4 d5 2. c4 Nc6 3. Nf3 Bg4 4. Nc3 dxc4 5. d5 Bxf3 6. exf3 Ne5 7. Bf4 Ng6 8.
Bxc4 a6 9. Bg3 h5 10. h3 h4 11. Bh2 Nf6 12. O-O c6 13. Qe2 cxd5 1/2-1/2

[Event "Amager Klubmesterskab Mester 2008"]
[Site "Sundbyoster"]
[Date "2008.02.26"]
[Round "4"]
[White "Hartsteen, Mark"]
[Black "Sorensen, Dick"]
[Result "0-1"]
[WhiteElo "1738"]
[BlackElo "2046"]
[PlyCount "42"]
[EventDate "2008.??.??"]

1. c4 e5 2. d3 Nc6 3. Nf3 Nf6 4. Nc3 Bb4 5. Bd2 O-O 6. g3 d5 7. cxd5 Nxd5 8.
Bg2 Be6 9. O-O f5 10. Qc2 Qd7 11. Rfe1 Rae8 12. a3 Bxc3 13. bxc3 Kh8 14. Rab1
Nb6 15. c4 e4 16. dxe4 Nxc4 17. Bb4 Nxb4 18. Rxb4 Nxa3 19. Qc1 Nb5 20. Rd1 Qc6
21. Qb1 Nc3 0-1

[Event "Amager Klubmesterskab Mester 2008"]
[Site "Sundbyoster"]
[Date "2008.02.26"]
[Round "4"]
[White "Kokholm, Daniel"]
[Black "Lunding, Peter M"]
[Result "1/2-1/2"]
[WhiteElo "1827"]
[BlackElo "1853"]
[PlyCount "35"]
[EventDate "2008.??.??"]

1. d4 d5 2. e4 e6 3. Be3 dxe4 4. Nd2 Nf6 5. f3 Nd5 6. Qe2 Nxe3 7. Qxe3 c5 8.
dxc5 Qa5 9. O-O-O Qxc5 10. Qxe4 Nc6 11. Nb3 Qb6 12. f4 Be7 13. Nf3 Bd7 14. c3
O-O-O 15. Bd3 Kb8 16. Rhe1 g6 17. Kb1 Bf6 18. Ne5 1/2-1/2

[Event "Amager Klubmesterskab Mester 2008"]
[Site "Sundbyoster"]
[Date "2008.02.26"]
[Round "4"]
[White "Hansen, Olaf Martin"]
[Black "Nielsen, Mogens Bach"]
[Result "1-0"]
[WhiteElo "1840"]
[BlackElo "1872"]
[PlyCount "109"]
[EventDate "2008.??.??"]

1. d4 d5 2. c4 c6 3. Nf3 Nf6 4. Nc3 dxc4 5. a4 Bf5 6. e3 e6 7. Bxc4 Bb4 8. O-O
a5 9. Qe2 Ne4 10. Nxe4 Bxe4 11. Nd2 Bg6 12. Nb3 Qh4 13. f3 Nd7 14. e4 O-O 15.
Be3 Kh8 16. Nc1 Bd6 17. g3 Qe7 18. Nd3 f6 19. Rfd1 Bf7 20. Rd2 f5 21. Rf1 Bg8
22. Rdd1 e5 23. Bxg8 Kxg8 24. dxe5 Nxe5 25. Nxe5 Bxe5 26. f4 Bb8 27. Qc4+ Qf7
28. Qxf7+ Rxf7 29. Rd8+ Rf8 30. Rxf8+ Kxf8 31. exf5 Ba7 32. Bxa7 Rxa7 33. Rd1
b5 34. Rc1 Ra6 35. b3 Kf7 36. g4 bxa4 37. bxa4 Rb6 38. Kg2 Rb4 39. Kg3 Rxa4 40.
Rxc6 h6 41. Ra6 Ra2 42. g5 hxg5 43. fxg5 a4 44. Ra7+ Kf8 45. h4 a3 46. Kg4 Ra1
47. Kh5 a2 48. Kg6 Rh1 49. Rxa2 Rxh4 50. Ra8+ Ke7 51. Kxg7 Rg4 52. f6+ Ke6 53.
g6 Kf5 54. Ra5+ Ke6 55. f7 1-0

[Event "Amager Klubmesterskab Mester 2008"]
[Site "Sundbyoster"]
[Date "2008.03.04"]
[Round "5"]
[White "Lunding, Peter M"]
[Black "Hartsteen, Mark"]
[Result "1-0"]
[WhiteElo "1853"]
[BlackElo "1738"]
[PlyCount "55"]
[EventDate "2008.??.??"]

1. d4 Nf6 2. c4 g6 3. Nc3 Bg7 4. e4 d6 5. Be2 O-O 6. Bg5 h6 7. Be3 e5 8. d5
Nbd7 9. Qd2 Kh7 10. g4 Nc5 11. f3 Bxg4 12. fxg4 Nfxe4 13. Nxe4 Nxe4 14. Qc2
Qh4+ 15. Kf1 f5 16. Kg2 Nc5 17. Bf2 Qg5 18. Nh3 Qf6 19. b4 Ne4 20. Be3 Qh4 21.
Nf2 Nxf2 22. Bxf2 Qg5 23. h4 Qf4 24. Bg3 Qd4 25. Rhd1 Qb6 26. Rab1 Rab8 27. Bf2
Qa6 28. c5 1-0

[Event "Amager Klubmesterskab Mester 2008"]
[Site "Sundbyoster"]
[Date "2008.03.04"]
[Round "5"]
[White "Sorensen, Dick"]
[Black "Hansen, Olaf Martin"]
[Result "0-1"]
[WhiteElo "2046"]
[BlackElo "1840"]
[PlyCount "108"]
[EventDate "2008.??.??"]

1. d4 d5 2. c4 c6 3. Nf3 Nf6 4. Nc3 a6 5. c5 Nbd7 6. Bf4 Nh5 7. Bg3 g6 8. e3
Bg7 9. Bd3 Nxg3 10. hxg3 e5 11. Nxe5 Nxe5 12. dxe5 Bxe5 13. Qa4 Bd7 14. Qb4 Qe7
15. O-O-O b5 16. f4 a5 17. Qb3 Bg7 18. e4 d4 19. Ne2 Qxc5+ 20. Kb1 a4 21. Qc2
Qxc2+ 22. Bxc2 c5 23. e5 O-O 24. Be4 Rac8 25. Rh4 h5 26. Rd2 Rfe8 27. Rh1 f5
28. Bd5+ Be6 29. Bxe6+ Rxe6 30. Rc1 Ree8 31. Ng1 Bf8 32. Nf3 Be7 33. Re1 Kg7
34. b3 Red8 35. bxa4 bxa4 36. Rb2 Rb8 37. e6 Rxb2+ 38. Kxb2 c4 39. Ne5 Rb8+ 40.
Ka1 Bf6 41. e7 Bxe5 42. Rxe5 Kf7 43. Rd5 Kxe7 44. Rxd4 Rb4 45. a3 Rb3 46. Ka2
Rxg3 47. Rxc4 Rxg2+ 48. Kb1 Re2 49. Rxa4 Re4 50. Ra7+ Kf6 51. a4 Rxf4 52. a5
Kg5 53. Rb7 Ra4 54. Rb5 h4 0-1

[Event "Amager Klubmesterskab Mester 2008"]
[Site "Sundbyoster"]
[Date "2008.03.04"]
[Round "5"]
[White "Nielsen, Mogens Bach"]
[Black "Kokholm, Daniel"]
[Result "1-0"]
[WhiteElo "1872"]
[BlackElo "1827"]
[PlyCount "136"]
[EventDate "2008.??.??"]

1. c4 Nc6 2. Nc3 e5 3. g3 g6 4. Bg2 Bg7 5. e3 f5 6. Nge2 Nf6 7. d4 e4 8. f3
exf3 9. Bxf3 O-O 10. Nf4 Re8 11. O-O d6 12. Nfd5 Ne7 13. Nxf6+ Bxf6 14. Rf2 Nc6
15. Nd5 Bg7 16. Qd3 Be6 17. Bd2 Qd7 18. Bc3 Nd8 19. Re1 Qf7 20. b3 Rc8 21. Nf4
c6 22. Nxe6 Nxe6 23. Bg2 c5 24. d5 Ng5 25. h4 Bxc3 26. Qxc3 Ne4 27. Bxe4 Rxe4
28. Rf4 Rce8 29. Rxe4 Rxe4 30. Rf1 Qe7 31. Rf3 Qe5 32. Qxe5 Rxe5 33. Kf2 Kg7
34. Rf4 h6 35. e4 g5 36. hxg5 hxg5 37. Rxf5 Rxe4 38. Rxg5+ Kf6 39. Rh5 Kg6 40.
Rh8 Kf6 41. Rh6+ Ke5 42. Re6+ Kd4 43. Rxd6 Kc3 44. Re6 Rd4 45. Re3+ Kb2 46. a4
a6 47. a5 Ka3 48. Ke2 Kb4 49. Rd3 Re4+ 50. Kf3 Re8 51. d6 Kxa5 52. d7 Rd8 53.
g4 Kb6 54. g5 Kc7 55. g6 Rf8+ 56. Kg4 Kd8 57. Kg5 Rf1 58. Rd5 b6 59. g7 Rg1+
60. Kf6 Rf1+ 61. Rf5 Rg1 62. Kf7 Kxd7 63. g8=Q Rxg8 64. Kxg8 Kc6 65. Kf7 b5 66.
Rf6+ Kb7 67. cxb5 axb5 68. Ke7 Kc7 1-0

[Event "Amager Klubmesterskab Mester 2008"]
[Site "Sundbyoster"]
[Date "2008.03.11"]
[Round "6"]
[White "Kokholm, Daniel"]
[Black "Hartsteen, Mark"]
[Result "1-0"]
[WhiteElo "1827"]
[BlackElo "1738"]
[PlyCount "39"]
[EventDate "2008.??.??"]

1. d4 Nf6 2. Nc3 g6 3. e4 d6 4. Nf3 Bg7 5. Be3 O-O 6. Qd2 c6 7. O-O-O Nbd7 8.
Bh6 e5 9. dxe5 dxe5 10. h4 b5 11. g4 a5 12. h5 b4 13. Na4 Bb7 14. hxg6 fxg6 15.
Bxg7 Kxg7 16. g5 Nxe4 17. Qxd7+ Qxd7 18. Rxd7+ Kg8 19. Bc4+ Kh8 20. Rhxh7# 1-0

[Event "Amager Klubmesterskab Mester 2008"]
[Site "Sundbyoster"]
[Date "2008.03.11"]
[Round "6"]
[White "Sorensen, Dick"]
[Black "Nielsen, Mogens Bach"]
[Result "1-0"]
[WhiteElo "2046"]
[BlackElo "1872"]
[PlyCount "109"]
[EventDate "2008.??.??"]

1. e4 Nf6 2. Nc3 d5 3. exd5 Nxd5 4. Bc4 Be6 5. Bb3 Nxc3 6. bxc3 Qd7 7. Nf3 Bxb3
8. axb3 Qe6+ 9. Kf1 g6 10. h4 Bg7 11. d4 Qd6 12. Ba3 Qa6+ 13. c4 Qe6 14. Qd2
Bf6 15. Re1 Qd7 16. Qf4 O-O 17. g4 Nc6 18. d5 Nd8 19. g5 Bc3 20. Rxe7 Qf5 21.
Qxf5 gxf5 22. Rxc7 Re8 23. h5 b5 24. cxb5 Ba5 25. Re7 Rxe7 26. Bxe7 Nb7 27. Kg2
Re8 28. d6 Bb4 29. Ra1 Bxd6 30. Bxd6 Nxd6 31. Rxa7 Nxb5 32. Ra5 Nd6 33. Rd5 Ne4
34. Rxf5 Rc8 35. c4 Nc5 36. Nd4 Kg7 37. f4 Ne4 38. Kf3 Nd6 39. Rd5 Nb7 40. f5
Nc5 41. f6+ Kf8 42. b4 Na6 43. Nc6 Ke8 44. b5 Nc7 45. Re5+ Kf8 46. Nd4 Rb8 47.
Re7 Ne8 48. c5 Rd8 49. Ke4 h6 50. Ke5 hxg5 51. h6 Kg8 52. Nc6 Rc8 53. Kf5 g4
54. Re4 Kh8 55. Rxg4 1-0

[Event "Amager Klubmesterskab Mester 2008"]
[Site "Sundbyoster"]
[Date "2008.03.31"]
[Round "6"]
[White "Lunding, Peter M"]
[Black "Hansen, Olaf Martin"]
[Result "1/2-1/2"]
[WhiteElo "1853"]
[BlackElo "1840"]
[PlyCount "26"]
[EventDate "2008.??.??"]

1. d4 d5 2. c4 c6 3. cxd5 cxd5 4. Nf3 Nf6 5. Nc3 Nc6 6. a3 a6 7. e3 Bg4 8. Be2
e6 9. h3 Bxf3 10. Bxf3 Be7 11. Bd2 O-O 12. O-O b5 13. Rc1 Rc8 1/2-1/2

[Event "Amager Klubmesterskab Mester 2008"]
[Site "Sundbyoster"]
[Date "2008.03.18"]
[Round "7"]
[White "Hansen, Olaf Martin"]
[Black "Hartsteen, Mark"]
[Result "1-0"]
[WhiteElo "1840"]
[BlackElo "1738"]
[PlyCount "25"]
[EventDate "2008.??.??"]

1. d4 Nf6 2. c4 g6 3. Nf3 Bg7 4. g3 O-O 5. Bg2 d6 6. O-O Nbd7 7. Nc3 e5 8. e4
Ne8 9. Be3 f5 10. exf5 Rxf5 11. Bh3 Rf8 12. Ng5 Qf6 13. Nd5 1-0

[Event "Amager Klubmesterskab Mester 2008"]
[Site "Sundbyoster"]
[Date "2008.03.18"]
[Round "7"]
[White "Nielsen, Mogens Bach"]
[Black "Lunding, Peter M"]
[Result "1/2-1/2"]
[WhiteElo "1872"]
[BlackElo "1853"]
[PlyCount "80"]
[EventDate "2008.??.??"]

1. c4 e6 2. Nc3 d5 3. d4 Nf6 4. Bg5 Nbd7 5. e3 c6 6. cxd5 exd5 7. Bd3 Be7 8.
Nge2 h6 9. Bh4 O-O 10. Qc2 Re8 11. O-O-O c5 12. Bxf6 Nxf6 13. dxc5 Be6 14. Bb5
Rf8 15. Nf4 Bxc5 16. Bc4 Rc8 17. Nfxd5 Nxd5 18. Bxd5 Bxd5 19. Rxd5 Bxe3+ 20.
fxe3 Rxc3 21. Rxd8 Rxc2+ 22. Kxc2 Rxd8 23. Rf1 Kf8 24. Rf4 Rd7 25. h4 h5 26.
Rd4 Ke7 27. Rxd7+ Kxd7 28. Kd3 Ke6 29. Ke4 f6 30. Kf4 g6 31. Ke4 g5 32. g3 f5+
33. Kd4 gxh4 34. gxh4 Kd6 35. a4 a5 36. e4 f4 37. e5+ Ke6 38. Ke4 f3 39. Kxf3
Kxe5 40. Ke3 Kf5 1/2-1/2

[Event "Amager Klubmesterskab Mester 2008"]
[Site "Sundbyoster"]
[Date "2008.03.18"]
[Round "7"]
[White "Sorensen, Dick"]
[Black "Kokholm, Daniel"]
[Result "0-1"]
[WhiteElo "2046"]
[BlackElo "1827"]
[PlyCount "91"]
[EventDate "2008.??.??"]

1. d4 Nc6 2. d5 Ne5 3. e4 e6 4. c4 Bc5 5. Bf4 Ng6 6. Bg3 Nf6 7. Nc3 Bb4 8. Bd3
e5 9. Nge2 O-O 10. h4 Nh5 11. Qd2 Be7 12. O-O-O d6 13. Kb1 c6 14. Qe3 f5 15.
exf5 Bxf5 16. Bxf5 Rxf5 17. dxc6 bxc6 18. Qe4 Qc8 19. Rdf1 Rf7 20. Bh2 Rb8 21.
g3 Nf6 22. Qc2 Ng4 23. h5 Nf8 24. Nc1 Ne6 25. Nb3 Ng5 26. Ne4 Nf3 27. Bg1 Qa6
28. Rd1 Rd8 29. Nbd2 Nd4 30. Qc3 d5 31. f3 Ne2 32. Qb3 dxe4 33. fxg4 Nxg1 34.
Rhxg1 Bc5 35. Rgf1 Rb7 36. Qc2 e3 37. Ne4 Bd4 38. b3 Qa3 39. c5 Rb4 40. Ng5 e4
41. Nxh7 e2 42. Qxe2 Rxb3+ 43. axb3 Qxb3+ 44. Kc1 Be3+ 45. Qxe3 Qxe3+ 46. Kc2
0-1

[Event "Amager Klubmesterskab Mester 2008"]
[Site "Sundbyoster"]
[Date "2008.03.25"]
[Round "8"]
[White "Lunding, Peter M"]
[Black "Sorensen, Dick"]
[Result "1/2-1/2"]
[WhiteElo "1853"]
[BlackElo "2046"]
[PlyCount "79"]
[EventDate "2008.??.??"]

1. d4 Nf6 2. c4 d6 3. Nf3 Bg4 4. g3 Qd7 5. Bg2 Bh3 6. O-O Bxg2 7. Kxg2 g6 8.
Nc3 Bg7 9. e4 O-O 10. h3 Rd8 11. Bg5 Na6 12. Qe2 c5 13. d5 h6 14. Be3 e5 15.
Nh4 Qe8 16. Qd2 Kh7 17. Rae1 Nc7 18. Qd3 a6 19. a4 b5 20. axb5 axb5 21. cxb5
Rdb8 22. f4 Nxb5 23. fxe5 Qxe5 24. Bf4 Qd4 25. Qxd4 cxd4 26. Nxb5 Rxb5 27. Bxd6
Rxb2+ 28. Kg1 Raa2 29. Be5 Nd7 30. Bxg7 Kxg7 31. e5 g5 32. e6 fxe6 33. dxe6
gxh4 34. Rf7+ Kg6 35. Rxd7 Rg2+ 36. Kh1 Rh2+ 37. Kg1 Rag2+ 38. Kf1 Rf2+ 39. Kg1
hxg3 40. e7 1/2-1/2

[Event "Amager Klubmesterskab Mester 2008"]
[Site "Sundbyoster"]
[Date "2008.03.25"]
[Round "8"]
[White "Hartsteen, Mark"]
[Black "Nielsen, Mogens Bach"]
[Result "1/2-1/2"]
[WhiteElo "1738"]
[BlackElo "1872"]
[PlyCount "92"]
[EventDate "2008.??.??"]

1. c4 c5 2. Nf3 Nf6 3. g3 d5 4. cxd5 Nxd5 5. Bg2 Nc6 6. O-O Nc7 7. Nc3 e5 8. d3
Bd7 9. Bd2 Be7 10. Rc1 O-O 11. Ne4 Ne6 12. Bc3 f5 13. Ned2 Qc7 14. Qb3 Rad8 15.
Nc4 Bf6 16. Rfd1 Kh8 17. Ne3 Ned4 18. Bxd4 exd4 19. Nd5 Qd6 20. Nxf6 gxf6 21.
Nd2 b6 22. Nc4 Qe6 23. Re1 f4 24. Nd2 Qg4 25. a3 Na5 26. Qc2 fxg3 27. fxg3 Rc8
28. Nc4 Nxc4 29. Qxc4 Rfe8 30. Qf7 Rf8 31. Qe7 Rce8 32. Qd6 Qe6 33. Qc7 a5 34.
e3 Rc8 35. Qa7 dxe3 36. Rxe3 Qd6 37. Rce1 Rc7 38. Qa6 Bc8 39. Qc4 Qd4 40. Qb5
Qd6 41. Re8 Rcf7 42. R8e3 Bd7 43. Qb3 a4 44. Qc3 b5 45. Rc1 Rc8 46. b3 axb3
1/2-1/2

[Event "Amager Klubmesterskab Mester 2008"]
[Site "Sundbyoster"]
[Date "2008.04.01"]
[Round "9"]
[White "Nielsen, Mogens Bach"]
[Black "Hansen, Olaf Martin"]
[Result "0-1"]
[WhiteElo "1872"]
[BlackElo "1840"]
[PlyCount "102"]
[EventDate "2008.??.??"]

1. c4 c5 2. Nc3 Nc6 3. Nf3 Nd4 4. e3 Nxf3+ 5. Qxf3 g6 6. b3 Bg7 7. Bb2 d6 8.
Be2 e5 9. O-O Nh6 10. h3 O-O 11. d4 exd4 12. exd4 Bxd4 13. Qf4 Nf5 14. Na4 Bxb2
15. Nxb2 Nd4 16. Bd3 Bf5 17. Kh1 Qd7 18. Bxf5 Nxf5 19. Na4 Nd4 20. Rad1 Kg7 21.
Nc3 Rad8 22. Rfe1 Rfe8 23. Rxe8 Qxe8 24. Ne4 Qe7 25. Ng3 Qe5 26. Qe4 Qxe4 27.
Nxe4 b6 28. Kg1 d5 29. cxd5 Rxd5 30. Kf1 Rd8 31. Rc1 f5 32. Nc3 Kf6 33. f4 Ne6
34. g3 Rd2 35. a3 Rd3 36. Kf2 g5 37. fxg5+ Nxg5 38. h4 Ne4+ 39. Nxe4+ fxe4 40.
b4 Ke5 41. bxc5 bxc5 42. Rxc5+ Kd4 43. Rc7 Rd2+ 44. Ke1 Ke3 45. Rc3+ Rd3 46.
Rxd3+ exd3 47. g4 Kf4 48. g5 Kg4 49. Kd2 Kxh4 50. Kxd3 Kxg5 51. Ke3 Kf5 0-1

[Event "Amager Klubmesterskab Mester 2008"]
[Site "Sundbyoster"]
[Date "2008.04.08"]
[Round "10"]
[White "Hansen, Olaf Martin"]
[Black "Sorensen, Dick"]
[Result "1/2-1/2"]
[WhiteElo "1840"]
[BlackElo "2046"]
[PlyCount "29"]
[EventDate "2008.??.??"]

1. d4 Nf6 2. c4 g6 3. g3 Bg7 4. Bg2 O-O 5. Nc3 d6 6. Nf3 c6 7. O-O Bg4 8. Ne1
Qd7 9. f3 Bh3 10. e4 Bxg2 11. Kxg2 Na6 12. Be3 Nc7 13. Nd3 Rfd8 14. Qd2 b5 15.
cxb5 1/2-1/2

[Event "Amager Klubmesterskab Mester 2008"]
[Site "Sundbyoster"]
[Date "2008.04.08"]
[Round "10"]
[White "Hartsteen, Mark"]
[Black "Lunding, Peter M"]
[Result "0-1"]
[WhiteElo "1738"]
[BlackElo "1853"]
[PlyCount "62"]
[EventDate "2008.??.??"]

1. c4 e6 2. Nf3 d5 3. cxd5 exd5 4. g3 c6 5. Bg2 Bg4 6. O-O Nf6 7. Nc3 Be7 8. d3
Nbd7 9. Bf4 Nc5 10. h3 Bh5 11. Nd4 O-O 12. b4 Ne6 13. Nxe6 fxe6 14. Qb3 Bf7 15.
Be5 Nd7 16. d4 Nxe5 17. dxe5 Qc7 18. b5 Qxe5 19. bxc6 bxc6 20. Rac1 Rfb8 21.
Qa4 Be8 22. Qg4 Ba3 23. Rc2 Bg6 24. e4 Rb4 25. Nb1 Bb2 26. Rxc6 Re8 27. Re1 Rc4
28. Ra6 Bd4 29. Na3 Rc3 30. Kf1 Bxf2 31. Kxf2 Qd4+ 0-1